Normal view
MARC view
- Pharmacology M Phil.-Thesis.
Entry Topical Term
001 - CONTROL NUMBER
- control field: 30727
003 - CONTROL NUMBER IDENTIFIER
- control field: NUST
005 - DATE AND TIME OF LATEST TRANSACTION
- control field: 20200924120209.0
008 - FIXED-LENGTH DATA ELEMENTS
- fixed length control field: 200924|| aca||aabn | a|a d
040 ## - CATALOGING SOURCE
- Original cataloging agency: NUST
- Transcribing agency: NUST
150 ## - HEADING--TOPICAL TERM
- Topical term or geographic name entry element: Pharmacology M Phil.-Thesis.
670 ## - SOURCE DATA FOUND
- Source citation: Work cat.: (NUST): Ramzan, Ayesha 30726, COMPARATIVE EFFECTS OF SELECTIVE SEROTONIN REPUTAKE INHIBITORS ON GASTROINTSTINAL SMOOTH MUSCLES OF RABBIT AND THEIR MODULATION BY ONDANSETRON /, 2013.
